| 000 | 00482nam a22001577a 4500 | ||
|---|---|---|---|
| 999 |
_c9162 _d9162 |
||
| 008 | 210325b ||||| |||| 00| 0 eng d | ||
| 040 | _aBMS College of Architecture | ||
| 100 | _aKumar, M, Sunil | ||
| 245 | _aNirvana: A journey towards self realization | ||
| 300 | _aNA | ||
| 500 | _a1BM04AT012 | ||
| 502 |
_8B.Arch _NBMS College of Architecture, Visvesvaraya Technological University _aProject report _d2010 |
||
| 650 | _aNA | ||
| 700 |
_aMamatha P Raj _eGuide |
||
| 942 |
_2ddc _cTHE |
||